ბათუმის შოთა რუსთაველის სახელმწიფო უნივერსიტეტის ბიბლიოთეკა

Железобетонные конструкции. (ბიბ.ჩანაწერი № 47842)

000 -LEADER
fixed length control field 00668nam a2200229Ia 4500
001 - CONTROL NUMBER
control field 14716
003 - CONTROL NUMBER IDENTIFIER
control field GE_BSU
008 - FIXED-LENGTH DATA ELEMENTS--GENERAL INFORMATION
fixed length control field 181216s||||||||xx |||||||||||||| ||und||
040 ## - CATALOGING SOURCE
Transcribing agency GE_BSU
080 ## - UNIVERSAL DECIMAL CLASSIFICATION NUMBER
Universal Decimal Classification number 624.012(075.32)
100 ## - MAIN ENTRY--PERSONAL NAME
Personal name Сигалов,Э.Е. Стронгин,С.Г.
245 ## - TITLE STATEMENT
Title Железобетонные конструкции.
245 ## - TITLE STATEMENT
Statement of responsibility, etc. Ред. изд-ва И.С.Бородина.
250 ## - EDITION STATEMENT
Edition statement Изд. 2-е, перераб.
260 ## - PUBLICATION, DISTRIBUTION, ETC.
Place of publication, distribution, etc. М.
260 ## - PUBLICATION, DISTRIBUTION, ETC.
Name of publisher, distributor, etc. Стройиздат.
260 ## - PUBLICATION, DISTRIBUTION, ETC.
Date of publication, distribution, etc. 1966.
300 ## - PHYSICAL DESCRIPTION
Extent 427 стр. 22 см.
300 ## - PHYSICAL DESCRIPTION
Accompanying material Табл.
653 ## - INDEX TERM--UNCONTROLLED
Uncontrolled term Железобетонные конструкции.
942 ## - ADDED ENTRY ELEMENTS (KOHA)
Koha item type წიგნი
ეგზემპლარები
Withdrawn status Lost status Damaged status Not for loan Date acquired Barcode Date last seen Price effective from Koha item type
        2018-12-17 10006 2018-12-17 2018-12-17 წიგნი